La gimnasia en el jardín de infantes
محفوظ في:
| المؤلف الرئيسي: | |
|---|---|
| التنسيق: | كتاب |
| اللغة: | الإسبانية |
| منشور في: |
Buenos Aires
Kapelusz
1982
|
| سلاسل: | Colección Educación Física
|
| الموضوعات: | |
| الوسوم: |
إضافة وسم
لا توجد وسوم, كن أول من يضع وسما على هذه التسجيلة!
|
MARC
| LEADER | 00000nam a2200000 a 4500 | ||
|---|---|---|---|
| 001 | UCW5096 | ||
| 003 | CL-VaPUC | ||
| 008 | 901129e19820000AG |||||||||||||||||spa|d | ||
| 082 | 0 | 4 | |a 372.21 |b DUF |2 21 |
| 100 | 0 | |a Dufresse, Marie |e author |9 309944 | |
| 245 | 1 | 3 | |a La gimnasia en el jardín de infantes |
| 300 | |a 86 p | ||
| 942 | |c BK | ||
| 945 | |d 19901129 00:00:00 | ||
| 260 | |a Buenos Aires |b Kapelusz |c 1982 | ||
| 650 | 0 | |a Educación física |9 240893 | |
| 650 | 0 | |a Niños |9 255605 | |
| 650 | 0 | |a Educación preescolar |9 260381 | |
| 650 | 0 | |a Jardines infantiles |9 307427 | |
| 583 | |a last modification |c 20170913 11:57:45 |k Rodrigo Vera | ||
| 490 | 0 | |a Colección Educación Física | |
| 999 | |c 218608 |d 218606 | ||
| 952 | |0 0 |1 0 |4 0 |6 372_210000000000000_DUF_1982 |7 0 |8 P |9 208404 |a BIBEDU |b BIBEDU |c BIBEDU_PB |d 2019-11-15 |i 2763265 |o 372.21 DUF 1982 |p 2763265 |r 2024-01-25 |w 2019-11-15 |y BK |k EDU | ||
| 952 | |0 0 |1 0 |4 0 |6 372_210000000000000_DUF_1982 |7 0 |8 P |9 208405 |a BIBEDU |b BIBEDU |c BIBEDU_PB |d 2019-11-15 |i 2763273 |o 372.21 DUF 1982 |p 2763273 |r 2024-01-25 |w 2019-11-15 |y BK |k EDU | ||
| 952 | |0 0 |1 0 |4 0 |6 372_210000000000000_DUF_1982 |7 0 |8 P |9 208406 |a BIBEDU |b BIBEDU |c BIBEDU_PB |d 2019-11-15 |i 2763281 |o 372.21 DUF 1982 |p 2763281 |r 2024-01-25 |w 2019-11-15 |y BK |k EDU | ||
| 952 | |0 0 |1 0 |4 0 |6 372_210000000000000_DUF_1982 |7 0 |8 P |9 208407 |a BIBEDU |b BIBEDU |c BIBEDU_PB |d 2019-11-15 |i 276329K |o 372.21 DUF 1982 |p 276329K |r 2024-01-25 |w 2019-11-15 |y BK |k EDU | ||
| 952 | |0 0 |1 0 |4 0 |6 372_210000000000000_DUF_1982 |7 0 |8 P |9 208408 |a BIBEDU |b BIBEDU |c BIBEDU_PB |d 2019-11-15 |i 2763303 |o 372.21 DUF 1982 |p 2763303 |r 2024-01-25 |w 2019-11-15 |y BK |k EDU | ||
| 952 | |0 0 |1 0 |4 0 |6 372_210000000000000_DUF_1982 |7 0 |8 P |9 208409 |a BIBEDU |b BIBEDU |c BIBEDU_PB |d 2019-11-15 |i 2763311 |o 372.21 DUF 1982 |p 2763311 |r 2024-01-25 |w 2019-11-15 |y BK |k EDU | ||